000 00311nam a22001337a 4500
003 SGT
082 _a616.024
_bH01B
100 _aBANERJEE,N.K.
245 _aHOMOEOPATHY IN THE TREATMENT OF GONORTHEA SYPHILIS
260 _aINDIA
_bB.JAIN PUB
_c2001
300 _a240
650 _aHOMOEOPATHIC
942 _2ddc
_cBK
999 _c20478
_d20478